00000000cam 2200000zi 4500
0019.961510
003CaOODSP
00520260429141248
006m     o  d f      
007cr cn|||||||||
008260331t20262026qucao   ob   f000 0 eng d
020 |a9780660993294
040 |aCaOODSP|beng|erda|cCaOODSP
043 |an-cn---
0861 |aEn4-792/2026E-PDF
24502|aA force of nature : |bCanada’s strategy to protect nature.
24610|aCanada’s strategy to protect nature
264 1|aGatineau, Quebec : |bGovernment of Canada = Gouvernement du Canada, |c[2026]
264 4|c©2026
300 |a1 online resource (15 pages) : |billustrations, photographs
336 |atext|btxt|2rdacontent
337 |acomputer|bc|2rdamedia
338 |aonline resource|bcr|2rdacarrier
500 |aCover title.
500 |aIssued by Environment and Climate Change Canada.
500 |aIssued also in French under title: Une force de la nature : la stratégie du Canada pour protéger la nature.
500 |aThe publication file in PDF format was replaced on 29 April 2026 as requested by Environment and Climate Change Canada.
504 |aIncludes bibliographical references.
520 |a"We envision a Canada that protects, restores, and values nature as a foundation of our economy, sovereignty, and well-being, leading at home and globally, to ensure healthy ecosystems, resilient communities, and prosperity for present and future generations"--The New Government's Vision, page 3.
650 0|aNature conservation|xGovernment policy|zCanada.
650 0|aNature conservation|zCanada|xPlanning.
7101 |aCanada. |bEnvironment and Climate Change Canada, |eissuing body.
77508|tUne force de la nature : |w(CaOODSP)9.961511
85640|qPDF|s5.31 MB|uhttps://publications.gc.ca/collections/collection_2026/eccc/en4/En4-792-2026-eng.pdf
986 |aEC25164